| 000 | 00471nam a2200133Ia 4500 | ||
|---|---|---|---|
| 008 | 171212s9999 xx 000 0 und d | ||
| 020 | _a9780833031051 | ||
| 100 | _aSnow, Catherine | ||
| 245 |
_cSnow, Catherine _aReading for Understanding _bToward an R&D Program in Reading Comprehension |
||
| 260 |
_bRAND Corporation _c2002 |
||
| 650 | _aEducation | ||
| 650 | _aReading comprehension -- Research; Reading -- Research | ||
| 856 | _uwww.jstor.org/stable/10.7249/mr1465oeri | ||
| 999 |
_c352465 _d352465 |
||